000 00916nab a2200277 u 4500
001 15603
003 HDC
007 cr bn ---aaaaa
008 210201b20140527my ||||| |||| 00| 0 may d
040 _aHDC
245 0 _aMalaysia keluar ubat sendiri 2 tahun lagi
260 _aKuala Lumpur :
_bThe New Straits Times Press (M) Bhd.,
_c2014
300 _a1 online resource
336 _atext
_2rdacontent
337 _acomputer
_2rdamedia
338 _aonline resource
_2rdacarrier
650 _aDrugs
_93630
650 _aFood
_xReligious aspects
_xIslam
_9239
650 _aMedicine
_97031
650 _aMuslims
_xDietary laws.
_9815
710 _aHarian Metro,
_eissung body
856 _zRequest full-text at [email protected]
942 _2lcc
942 _cNEWS
942 _kNWSC 006417
999 _c12919
_d12919